000 01105cam a22002655a 4500
008
020 _a0797417605(pbk.)
049 _aMAIN
_f(28697)
090 _aHQ1801.5
100 _aSiame, Mercy
245 0 0 _aWomen in Zambia :
_ba profile of women in Zambia /
_cwritten by Mercy Siame ... [et al.].
246 3 0 _aProfile of women in Zambia
260 _aLusaka, Zambia :
_bZambia Association for Research and Development ;
_aHarare, Zimbabwe :
_bSouthern African Research and Documentation Centre, Women in Development Southern Africa Awareness,
_c1998.
300 _a104 p. :
_bcol. ill., col. maps ;
_c26 cm.
440 0 _aBeyond inequalities
504 _aIncludes bibliographical references (p. 89-96).
700 1 _aSiame, Mercy.
710 2 _aZambia Association for Research and Development.
710 2 _aSouthern African Research and Documentation Centre.
_bWomen in Development Southern Africa Awareness.
907 _a.b10206279
_b28-06-06
_c28-06-06
003
005 20230123134223.0
040 _cNUST
942 _cBOOKS
_kHQ1801.5
999 _c162121
_d162121